Algunas reflexiones sobre el impacto de la globalización, las regulaciones comerciales y el cambio tecnológico sobre la equidad de género /
Salvato in:
| Autore principale: | |
|---|---|
| Natura: | testo |
| Soggetti: | |
| Tags: |
Aggiungi Tag
Nessun Tag, puoi essere il primo ad aggiungerne!!
|
MARC
| LEADER | 00000 a a2200000 04500 | ||
|---|---|---|---|
| 001 | 43877 | ||
| 003 | |||
| 040 | |||
| 100 | |a Munster, Blanca | ||
| 245 | |a Algunas reflexiones sobre el impacto de la globalización, las regulaciones comerciales y el cambio tecnológico sobre la equidad de género / |c Blanca Munster | ||
| 650 | |a GLOBALIZACION | ||
| 650 | |a IGUALDAD DE GENERO | ||
| 650 | |a CAMBIO TECNOLOGICO | ||
| 650 | |a NUEVA TECNOLOGIA | ||
| 773 | |g número1 (2001 ), 7 Páginas | ||
| 999 | |c 27655 |d 27655 | ||
